| 000 | 07472nam a2200217Ia 4500 | ||
|---|---|---|---|
| 003 | OSt | ||
| 005 | 20251118113009.0 | ||
| 008 | 210210b2009 xxu||||| |||| 00| 0 eng d | ||
| 040 | _cAL | ||
| 041 | _aKannada | ||
| 082 | _a954.87K VASK | ||
| 100 |
_aVASU (M V) Ed _dವಸು ಮಳಲಿ _9246125 |
||
| 245 |
_aKannadadol bhavisida janapadam _bಕನ್ನಡದೊಳ್ ಭಾವಿಸಿದ ಜನಪದಂ |
||
| 260 |
_aBengaluru _bChintana prakashana _c2009 |
||
| 300 | _axi,440 | ||
| 520 |
_a ಕೃತಿಯ 30 ಲೇಖನಗಳಲ್ಲಿ ಒಂದೊಂದು ಲೇಖನವೂ ಕರ್ನಾಟಕದಲ್ಲಿ ಇತಿಹಾಸ ಸಂಶೋಧನೆಯ ಒಂದೊಂದು ಸವಾಲನ್ನು ಪ್ರತಿನಿಧಿಸುತ್ತದೆ. ಆರಿಸಿಕೊಂಡ ವಿಷಯ, ಸಂಶೋಧಕ ಬಳಸುತ್ತಿರುವ ಆಕರ, ಒಳತೋಟಿಯಲ್ಲಿ ಹರಿಯುವ ಧೋರಣೆ, ಸಂಶೋಧಕನ ಹಿನ್ನೆಲೆ ಎಲ್ಲಕ್ಕೂ ಒಂದು ಅರ್ಥ ಕಾಣಿಸುತ್ತದೆ. ನಾಡಿನ ಜನಪದರ ಚರಿತ್ರೆ ಕಟ್ಟುವ ಸಂಶೋಧಕರಿಗೆ ಕೈ ದೀವಿಗೆಯಾಗಬೇಕೆಂಬ ಮಹದಾಸೆ ಹೊತ್ತ ಸಂಗ್ರಹ ಇದು. _b ವಿವಿಧ ವಿದ್ವಾಂಸರಿಂದ ಬರೆಸಿದ ಲೇಖನಗಳನ್ನು ಆರು ಭಾಗಗಳಲ್ಲಿ ವಿಂಗಡಿಸಲಾಗಿದೆ. ಸಾಹಿತ್ಯದೊಳಗಣ ಚರಿತ್ರೆ ಎಂಬ ಮೊದಲ ಭಾಗದಲ್ಲಿನ ಲೇಖನಗಳು *ಕವಿರಾಜ ಮಾರ್ಗದ ಕನ್ನಡದ ಸ್ವರೂಪ - ಎಚ್. ಶಶಿಕಲಾ *ಶಂಗಂ ತಮಿಳಗಂ ಮತ್ತು 'ಕನ್ನಡದೊಳ್ ಭಾವಿಸಿದ ಜನಪದಂ' ಆರಂಭಿಕ ಇತಿಹಾಸ ಕಾಲದ ಕರ್ನಾಟಕ ಚರಿತ್ರೆಯ ಹೊಸ ಒಳನೋಟಗಳು - ಅಶೋಕ ಶೆಟ್ಟರ್ *ವಿಜಯನಗರ ಜಲಕುಂಡಗಳು ಜಲಕ್ರೀಡೆಗಳು - ಷ. ಶೆಟ್ಟರ್ *ವಾಸ್ತವದ ಒಡಕುಗಳು - ಇತಿಹಾಸದ ತೊಡಕುಗಳು : ರೈತ ಬಂಡಾಯಗಳ ಮಹಾನ್ಗಾಥೆ - ಬಾರ್ಕೂರು ಉದಯ *ಸ್ವಾತಂತ್ರ್ಯ ಪೂರ್ವ ಕನ್ನಡ ಸಾಹಿತ್ಯ ಮತ್ತು ಚರಿತ್ರೆಯಲ್ಲಿ ತೀವ್ರವಾದಿ ಸಂಕೇತಗಳು - ಆರ್. ಡಿ. ಪವಮಾನ ’ಪ್ರಾಕ್ತನ ಶೋಧನ’ ಎಂಬ ಎರಡನೆಯ ಭಾಗದಲ್ಲಿನ ಲೇಖನಗಳು *ಕರ್ತಾರನ ಕಮ್ಮಟ : ನೇಗಿಲು, ನೀರಾವರಿ ಮತ್ತು ಮೊದಲ ಘಟ್ಟದ ಪಭುತ್ವಗಳು- ಮನು ವಿ. ದೇವದೇವನ್ *'ಗೋಸಾಸದಿಂದ ತುರುಗೋಲ್'ವರೆಗೆ : ಮಧ್ಯಕಾಲೀನ ಕರ್ನಾಟಕದ ಗೋಪಾಲನಾ ಅರ್ಥವ್ಯವಸ್ಥೆಯ ಸ್ಥಿತ್ಯಂತರಗಳು (ವಿಶೇಷವಾಗಿ ಶಿವಮೊಗ್ಗ ಜಿಲ್ಲೆಗೆ ಸಂಬಂಧಿಸಿದಂತೆ) - ರಾಜರಾಮ್ ಹೆಗ್ಗಡೆ * ಶಂಕರಗಲ್ಲು ನಾಯಕರು- ಹೊಸ ಓದು - ಕಾವಲ್ಲಮ್ಮ ಆರ್. *ಹಂಪಿ ವಿಶ್ವ ಪರಂಪರೆಯ ಸ್ಮಾರಕ ಮತ್ತು ಸಂರಕ್ಷಣಾ ತತ್ವಗಳು- ರವಿ ಕೋರಿಶೆಟ್ಟರ್ - ಅನುವಾದ : ಲಕ್ಷ್ಮೀಪತಿ ಸಿ.ಜಿ. ’ಹೆಣ್ಣು ಕಂಡ ನೆಲೆಗಳು’ ಎಂಬ ಮೂರನೆಯ ಭಾಗದಲ್ಲಿನ ಲೇಖನಗಳು *ಕರ್ನಾಟಕದ ಮಹಿಳಾ ಸೂಫಿಗಳು - ರಹಮತ್ ತರೀಕೆರೆ *ಮಹಿಳಾ ಸಾಹಿತ್ಯದ ಚರಿತ್ರ ರಚನಾ ಕ್ರಮ (ಕನ್ನಡವನ್ನು ಗಮನದಲ್ಲಿಟ್ಟುಕೊಂಡು) - ಉಷಾ ಎಂ. * ಮಹಿಳೆ ಮತ್ತು ಸಮಾಜ ಸುಧಾರಣೆಯ ವಾಗ್ವಾದಗಳು: ಇಂದಿರಾಬಾಯಿ-ಇಂದಿರಾ ಕಾದಂಬರಿಗಳಲ್ಲಿ ಕಂಡಂತೆ- ಎಂ ಜಮುನ ’ಚರಿತ್ರೆ ಕಟ್ಟಿದ ಮೈಸೂರು’ ಎಂಬ ನಾಲ್ಕನೆಯ ಭಾಗದಲ್ಲಿ * ಸಂಶೋಧನಾ ನೆಲೆಗಳಲ್ಲಿ ಮೈಸೂರು ಚರಿತ್ರೆ- ಅಶ್ವತ್ಥನಾರಾಯಣ (ಬೆಂಗಳೂರು) *ನವವಸಾಹತುಶಾಹಿತ್ವ ಮತ್ತು ಭಾರತದ ರಾಷ್ಟ್ರೀಯತೆಯ ಚಿಂತನೆಗಳ ಕಥನ - ಹೈದರಾಲಿ ಮತ್ತು ಟೀಪು - ಅಶ್ವತ್ಥನಾರಾಯಣ (ಮೈಸೂರು) * ಟೀಪು ಸುಲ್ತಾನ : ಆರ್ಥಿಕ ಅನ್ವೇಷಣೆಗಳು ವಾಣಿಜ್ಯ ಸಂಘರ್ಷ ಮತ್ತು ಯುದ್ಧ ನೀತಿ -ಷಡಕ್ಷರಯ್ಯ * ಮೈಸೂರು ಸಂಸ್ಥಾನದ ಪತ್ರಿಕೆಗಳಲ್ಲಿ ಕರ್ನಾಟಕತ್ವದ ಪರಿಕಲ್ಪನೆ - ಎಂ. ಕುಮಾರಸ್ವಾಮಿ * ಮೈಸೂರಿನಲ್ಲಿ ಜಾಹಿರಾತು-ಐತಿಹಾಸಿಕ ನೋಟ - ಶೈಲೇಶ್ ರಾಜ್ ಅರಸ್ ಜಿ.ಬಿ. * ಕಾನೂನು ಪುನರ್ ಪರಿಶೀಲನೆ ಘಟಕವಾಗಿ ಮೇಲ್ಕನೆ- ಎಂ. ಮುನಿರಾಜಪ್ಪ ’ಹೊಸ ಪ್ರಶ್ನೆಗಳು’ ಎಂಬ ಐದನೆಯ ಭಾಗದಲ್ಲಿನ ಬರೆಹಗಳು *ಕೊಡಗು ಮತ್ತು ಐಡೆಂಟಿಟಿಯ ಪ್ರಶ್ನೆ : ವಸಾಹತುಷಾಹಿ ಅನುಭವದ ಅವಲೋಕನ - ಲೋಕೇಶ್ ಕೆ.ಎಂ. * ಐಡೆಂಟಿಟಿ ಮತ್ತು ವಿಮೋಚನೆ: ಭಾರತದಲ್ಲಿ ಪ್ರತ್ಯೇಕ ರಾಷ್ಟ್ರ ಮತ್ತು ರಾಜ್ಯ ಹೋರಾಟಗಳು- ವಿಜಯ್ ಪೂಣಚ್ಚ ತ೦ಬಂಡ *ಕರ್ನಾಟಕ ದಲಿತ ಚಳುವಳಿ : ಆಯಾಮಗಳು - ಚಂದ್ರಶೇಖರ್ ಐಜೂರ್ * ಕರ್ನಾಟಕದಲ್ಲಿ ದಲಿತ ಹಾಗೂ ಹಿಂದುಳಿದ ಜಾತಿಗಳ ಏಕತೆ ಕನ್ನಡ ಸಾಹಿತ್ಯ ಹಾಗೂ ಕರ್ನಾಟಕ ಸಂಸ್ಕೃತಿಗಳ ಮೂಲಕ ಒಂದು ನೋಟ - ನಟರಾಜ್ ಹುಳಿಯಾರ್ * ಕರ್ನಾಟಕ ಚರಿತ್ರೆಯ ಬರವಣಿಗೆ - ಎಸ್. ಚಂದ್ರಶೇಖರ್ ’ಕುರಿತೋದದೆಯು ಕಟ್ಟಿದ ಕಥೆ’ ಎಂಬ ಆರನೆಯ ಭಾಗದಲ್ಲಿ *ಕುಮಾರರಾಮ ಮತ್ತು ಮೌಖಿಕ ಇತಿಹಾಸ- ಪುರುಷೋತ್ತಮ ಬಿಳಿಮಲೆ * ಶರೀಫರ ಪದಗಳಲ್ಲಿ ವಸಾಹತಿನ ಗ್ರಹಿಕೆಗಳು- ಶಶಿಧರ್. ಎಂ * ಮಳಲಿ ಗಿಡ್ಡಮ್ಮ - ಚರಿತ್ರೆ ಕಟ್ಟುವ ಸಾಧ್ಯತೆಗಳು - ವಸು ಎಂ.ವಿ. |
||
| 650 |
_akarnataka charitre mattu samskrati samshodhana lekhanagalu _9246126 |
||
| 690 |
_aKarnataka History _9246127 |
||
| 906 | _a064270 | ||
| 942 |
_2ddc _cBK |
||
| 999 |
_c140268 _d140268 |
||